| 000 | 00484cam a2200217ua 4500 | ||
|---|---|---|---|
| 020 | _c13.00 | ||
| 041 |
_ahin _h |
||
| 082 |
_a891.54 _bPRE/GO |
||
| 100 | _aPremchand, . | ||
| 245 |
_aGodan / _cPremchand. _hTextual Documents |
||
| 250 |
_a1 / _b. |
||
| 260 |
_a : _bSaraswathi press , _c1961. |
||
| 300 | _a365 ; . | ||
| 365 | _a13.00 | ||
| 504 | _a | ||
| 942 | _cBK | ||
| 999 |
_c3806 _d3806 |
||